Bama: (Record no. 1309838)

MARC details
000 -LEADER
fixed length control field 00902nam a22002657a 4500
005 - DATE AND TIME OF LATEST TRANSACTION
control field 20250430142320.0
008 - FIXED-LENGTH DATA ELEMENTS--GENERAL INFORMATION
fixed length control field 250430b |||||||| |||| 00| 0 eng d
020 ## - INTERNATIONAL STANDARD BOOK NUMBER
International Standard Book Number 978-1-032-96270-2 (hbk)
037 ## - SOURCE OF ACQUISITION
Terms of availability TB
040 ## - CATALOGING SOURCE
Original cataloging agency CRL
Transcribing agency CRL
041 ## - LANGUAGE CODE
Source of code eng
Language code of text/sound track or separate title eng
Language code of original tam
084 ## - COLON CLASSIFICATION NUMBER
Classification number O31,3N58:g 111R5
Assigning agency CRL
245 ## - TITLE STATEMENT
Title Bama:
Remainder of title Writer as activist
260 ## - PUBLICATION, DISTRIBUTION, ETC.
Place of publication, distribution, etc. London, UK:
Name of publisher, distributor, etc. Routledge,
Date of publication, distribution, etc. 2025.
300 ## - PHYSICAL DESCRIPTION
Extent xv, 303p.
365 ## - TRADE PRICE
Price amount 1595.00
Currency code INR
490 ## - SERIES STATEMENT
Series statement Writer in context, (Editor) Sukrita Paul Kumar
546 ## - LANGUAGE NOTE
Language note Translated from Tamil to English
650 ## - SUBJECT ADDED ENTRY--TOPICAL TERM
Topical term or geographic name entry element Tamil Literature
650 ## - SUBJECT ADDED ENTRY--TOPICAL TERM
Topical term or geographic name entry element Tamil Fiction
700 ## - ADDED ENTRY--PERSONAL NAME
Personal name Kumar, Raj
Relator term editor.
700 ## - ADDED ENTRY--PERSONAL NAME
Personal name Armstrong, S.
Relator term editor.
9 (RLIN) 753583
942 ## - ADDED ENTRY ELEMENTS (KOHA)
Source of classification or shelving scheme Colon Classification (CC)
Koha item type Textbook
Classification part O31,3N58:g 111R5
Suppress in OPAC No
Holdings
Withdrawn status Lost status Source of classification or shelving scheme Damaged status Not for loan Home library Current library Date acquired Source of acquisition Cost, normal purchase price Inventory number Total Checkouts Full call number Barcode Date last seen Price effective from Koha item type
    Colon Classification (CC)     Central Library Central Library 2025-04-30 Shivam Book Service 1595.00 113 & 2025-01-02   O31,3N58:g 111R5 CL1682370 2025-04-30 2025-04-30 Textbook
Copyright @ Delhi University Library System